00750 2200265 4500001002100000005001500021035002000036245006800056100002100124250001000145300003600155260003600191082000800227084001400235020001900249600004300268600002400311600003100335504002000366990001800386990002000404990002000424990002000444990002000464INLIS00000000000459520231017102609 a0010-10230000551 aLangkah Pertama Menuju Olimpiade Matematika /cJ Douglas faires0 aJ Douglas faires aCet 3 a307 hlm, :bilus ;c17 x 24 cm. aBandung; :bPakar Raya;,c2009. a510 a510 J D l a978979534457-5 aPenyunting Materi,Heny Kusumawati S.Si aTata letak,B Waluyo aPewajah Ulang,Deni sarjoko atentang Penulis a6427/P/S/2013 a12913/P/BL/2016 a12914/P/BL/2016 a12917/P/BL/2016 a12915/P/BL/2016